000 00481nam a2200205Ia 4500
003 OSt
005 20221005130058.0
006 a|||||r|||| 00| 0
007 ta
008 221004b |||||||| |||| 00| 0 eng d
024 _a122880
037 _cTextual
040 _aCRL
_cCRL
_beng
041 _2eng
_aeng
082 _aZ1, 168G5
245 0 _aQanoon e Benul Mumalik ka aghaz
260 _c1945
942 _hZ1, 168G5
_cTEXL
_2cc
999 _c1056018
_d1056018